000 00371nam a2200133Ia 4500
008 100328s9999 xx 000 0 und d
082 _b26729
100 _aराजवाडे स्मिता.
245 _aनरपशू
260 _bरसिक साहित्य मंडळ
630 _aनरपशू
730 _aनरपशू
942 _cBOOK
999 _c518990
_d518987